000 01196nam a2200241Ia 4500
999 _c38632
_d38632
001 4822
003 GE_BSU
005 20190802134058.0
008 181216s2002||||ge |||||||||||||| ||geo||
020 _a9992804548
040 _cGE_BSU
041 _ageo
080 _a330.1 + 330.342.14 + 338(479.22) პ-18
100 _aპაპავა, ვლადიმერ
_9567
245 _aპოსტკომუნისტური კაპიტალიზმის პოლიტიკური ეკონომია და საქართველოს ეკონომიკა /
_cვლადიმერ პაპავა ; რედ. ელგუჯა მექვაბიშვილი
264 _aთბილისი :
_bპდპ ;
_c2002.
300 _a526 გვ. ;
_c22 სმ.
541 _h22ლ.50თ.
653 _aპოსტკომუნისტური კაპიტალიზმის პოლიტიკური ეკონომია
653 _a პოლიტიკური ეკონომია
700 _aმექვაბიშვილი, ელგუჯა
_eრედაქტორი
_93222
942 _cBK
_2udc